[Event "17th Aeroflot Open-A 2019"]
[Site "Moscow"]
[Date "2019.02.26"]
[Round "8.34"]
[White "Gagare, Shardul"]
[Black "Indjic, Aleksandar"]
[Result "1/2-1/2"]
[WhiteElo "2495"]
[BlackElo "2630"]
[Annotator "TA"]
[PlyCount "106"]
[EventDate "2019.02.19"]
[EventCountry "RUS"]
[SourceTitle "playchess.com"]
[Source "ChessBase"]
[SourceQuality "1"]

{[%evp 11,106,8,29,6,14,7,9,3,22,0,34,23,56,50,56,69,89,3,33,20,6,35,44,48,51,20,28,16,27,35,41,0,0,0,121,117,134,136,137,134,114,89,129,122,121,139,125,103,116,62,60,37,26,8,64,54,57,0,113,0,0,0,0,0,0,0,8,0,0,0,0,0,0,0,0,0,0,0,0,0,0,-2,-2,-3,-7,-7,0,0,0,0,0,0,0,0,0,0,0]} 1. Nf3 c5 2. c4 Nc6 3. g3 g6 4. Bg2 Bg7 5. Nc3 d6 6. O-O h5 7. e3 {A37: Symmetrical English vs ...g6: 4 Bg2 Bg7 5 Nf3} Bg4 (7... Nh6 8. d4 Bg4 9. dxc5 dxc5 10. h3 Bd7 11. e4 Qc8 12. Nd5 h4 13. Bf4 Kf8 14. g4 Bxb2 {½-½ (40) Gagare,S (2501)-Ivanisevic,I (2583) St Petersburg 2018}) 8. h3 Bd7 9. d4 Qc8 10. Kh2 Nh6 $146 ({Predecessor:} 10... Nf6 11. dxc5 dxc5 12. e4 Be6 13. Qd3 Ng4+ 14. hxg4 hxg4+ {0-1 (32) Sertic,R (2430)-Indjic,A (2391) Vrbas 2011}) 11. dxc5 dxc5 12. e4 $1 Bxc3 13. bxc3 Qc7 14. Bf4 ({White should try} 14. Nh4 $16) 14... e5 (14... Ng4+ $5 15. Kh1 (15. hxg4 hxg4+ 16. Kg1 e5 $11) 15... e5 $14) 15. Bxh6 Rxh6 16. Qd5 Be6 17. Qxc5 Qe7 18. Qe3 $36 {[%mdl 2048] White fights for an advantage.} Rh8 19. c5 O-O-O 20. Rfb1 Bc4 21. Nd2 Rd3 22. Qe1 Ba6 ({Of course not} 22... Qxc5 $6 23. Nxc4 Qxc4 24. Bf1 $16) (22... Rxc3 $11 23. Nb3 Rc2) 23. Bf1 $16 h4 24. Bxd3 hxg3+ 25. fxg3 Bxd3 26. Rd1 f5 27. Qe3 Bc2 28. Rh1 Qe6 29. Kg1 Rd8 30. Re1 (30. Qf2 $16) 30... Rd3 $14 31. Qf2 Rxc3 32. Rh2 Nb4 (32... Bxe4 $11 33. Nxe4 (33. Rxe4 $2 fxe4 34. Nxe4 Rc1+ 35. Kg2 Qd5 $19) 33... fxe4) 33. exf5 gxf5 34. Nf3 (34. Re3 $14 Nd3 35. Qf1) 34... Nd3 {[#]} (34... Qd5 $1 $11 {remains equal.} 35. Ng5 (35. Nxe5 Be4 $14) 35... Kb8) 35. Qd4 (35. Qe3 $1 $16 Ba4 36. Nxe5 Nxe1 37. Qxc3 Qxe5 {[%mdl 64] Remove Defender, Decoy} 38. Qxe5 Nf3+ {[%mdl 64] Double Attack} 39. Kf2 Nxe5 40. Ke3) 35... Rc4 $11 {The position is equal.} 36. Rxe5 $1 Nxe5 37. Qxe5 Qxe5 38. Nxe5 Rxc5 {[%mdl 4096] Endgame KRB-KRN} 39. h4 Be4 40. Ng6 $1 Rc1+ 41. Kf2 Rc2+ 42. Kg1 Rc3 43. h5 Rxg3+ 44. Kf1 {Hoping for h6.} Rf3+ 45. Ke1 {Threatens to win with h6.} f4 46. Nf8 Rc3 47. h6 Rc1+ 48. Kf2 Ra1 49. Rh4 Rxa2+ 50. Ke1 Bd3 51. Rh3 $1 {[%cal Rh3d3]} Re2+ 52. Kd1 Re8 {[%mdl 64] [#] Trapped Piece} 53. h7 $1 {[%cal Rh7h8]} Rxf8 {Accuracy: White = 57%, Black = 69%.} 1/2-1/2

[Event "17th Aeroflot Open-A 2019"]
[Site "Moscow"]
[Date "2019.02.26"]
[Round "8.35"]
[White "Lobanov, Sergei"]
[Black "Esipenko, Andrey"]
[Result "1/2-1/2"]
[WhiteElo "2526"]
[BlackElo "2603"]
[Annotator "TA"]
[PlyCount "81"]
[EventDate "2019.02.19"]
[EventCountry "RUS"]
[SourceTitle "playchess.com"]
[Source "ChessBase"]
[SourceQuality "1"]

{[%evp 29,81,41,41,45,77,27,28,40,33,19,39,27,63,16,41,24,54,21,25,24,24,18,23,-22,-29,-31,-23,-10,13,13,18,11,28,30,29,11,11,11,11,11,11,11,11,11,11,11,16,11,16,16,9,0,8,4]} 1. e4 e5 2. Nf3 Nc6 3. Bb5 a6 4. Ba4 Nf6 5. O-O Be7 6. Re1 b5 7. Bb3 O-O 8. c3 d5 9. exd5 Nxd5 10. Nxe5 Nxe5 11. Rxe5 c6 12. d4 Bd6 13. Re1 Qh4 14. g3 Qh3 15. Re4 g5 16. Qf1 {C89: Closed Ruy Lopez: Marshall Attack} ({And not} 16. Bxg5 Qf5 $17) 16... Qh5 17. Bd1 (17. Nd2 Bf5 18. f3 Rae8 19. Qf2 Nf6 20. Rxe8 Rxe8 21. Nf1 g4 22. Bd1 gxf3 23. Bxf3 Ng4 {½-½ (69) Short,N (2688)-Grandelius,N (2665) Malmo 2017}) 17... Qg6 18. Nd2 {White has an edge.} Bf5 19. Re1 Rae8 20. Nf3 f6 21. Bd2 Bd3 22. Qg2 {[#]} Re4 $146 ({Predecessor:} 22... g4 23. Nh4 Qg5 24. Rxe8 Rxe8 {1-0 (70) Sengupta,D (2580)-Halkias,S (2534) Hoogeveen 2015}) 23. a4 Rfe8 24. axb5 axb5 25. Bb3 Qf5 26. Re3 Rxe3 27. fxe3 Be4 28. Rf1 Qe6 {[#] White must now prevent ...g4.} (28... h5 {is more complex.} 29. Bc1 Qg4 30. Bc2 Bxc2 31. Qxc2 Kg7) 29. Qf2 $1 Kg7 30. Bc1 {White wants to play Nd2.} Bg6 31. Re1 h6 32. e4 Bxe4 {The position is equal.} 33. Nd2 f5 34. Nxe4 fxe4 35. Bc2 Nf6 36. Qe2 Qd5 37. Kg2 Re7 38. Be3 Ra7 39. Rf1 Ra2 40. Bb1 Ra8 41. Rd1 {Accuracy: White = 53%, Black = 63%.} 1/2-1/2

[Event "17th Aeroflot Open-A 2019"]
[Site "Moscow"]
[Date "2019.02.26"]
[Round "8.36"]
[White "Lalith Babu M R"]
[Black "Kevlishvili, Robby"]
[Result "1-0"]
[WhiteElo "2556"]
[BlackElo "2463"]
[Annotator "TA"]
[PlyCount "95"]
[EventDate "2019.02.19"]
[EventCountry "RUS"]
[SourceTitle "playchess.com"]
[Source "ChessBase"]
[SourceQuality "1"]

{[%evp 17,95,23,43,41,54,35,58,41,39,41,31,27,23,12,23,18,14,8,12,0,22,3,5,22,43,49,129,129,139,132,133,133,135,154,239,231,427,431,431,431,424,427,430,420,409,408,398,394,395,371,29961,2619,5197,1952,6416,5864,1887,1833,29971,29972,6203,164,164,0,5222,539,475,0,858,446,392,362,1316,1269,5377,6664,29988,29989,29992,29993]} 1. c4 e5 2. Nc3 Nf6 3. Nf3 Nc6 4. g3 g6 5. d4 exd4 6. Nxd4 Bg7 7. Nxc6 bxc6 8. Bg2 O-O 9. O-O Bb7 10. Be3 {A29: English Opening: Four Knights Variation with 4 g3} (10. Qb3 Qc8 11. Rd1 d6 12. Be3 Re8 13. Bd4 Nd7 14. Rac1 Bxd4 15. Rxd4 Rb8 16. Qc2 c5 17. Bxb7 Qxb7 {½-½ (44) Zaragatski,I (2494)-Godard,M (2348) Naujac 2013}) 10... Re8 $146 ({Predecessor:} 10... Qe7 11. h3 Rfb8 12. Qd2 c5 13. Bxb7 Rxb7 14. b3 d6 15. Rae1 Qe6 16. g4 a5 17. Bg5 Nxg4 {½-½ (61) Saler Grafenberger,E-Kopinits,A (2117) Hartberg 2003}) 11. Bd4 d6 12. Qa4 {White is slightly better.} Nd7 13. Bxg7 Kxg7 14. Rfd1 Qb8 15. Qb3 Nc5 16. Qc2 a5 17. Rd4 Ra6 18. Qd2 Qd8 19. Ne4 Nxe4 20. Bxe4 Qe7 21. Bf3 $36 {[%mdl 2048] White is pushing.} Rb6 (21... Bc8 $14) 22. Re4 $16 Qd8 23. Rxe8 Qxe8 24. Qxa5 Rxb2 25. Qxc7 Qe5 (25... Qe6 $16 {was necessary.}) 26. Rd1 $18 Ba6 $2 {[#]} (26... Qf5 {is a better defense.} 27. Qxd6 c5) 27. Rxd6 Rb1+ 28. Kg2 Qa1 29. Rxc6 Bb7 30. Bd5 Bxc6 31. Qxf7+ (31. Bxc6 Rg1+ 32. Kf3 Qf6+ 33. Ke4 Qf5+ 34. Ke3 Qc5+ 35. Kf3 Rd1 $19) 31... Kh6 {[#] Hoping for ...Rg1+.} 32. Bxc6 {[%mdl 4096] Endgame Threatens to win with h4. KQR-KQB} Rg1+ 33. Kf3 Qxa2 $2 (33... Qg7 $18 34. Qf4+ g5) 34. Qf4+ (34. Qf8+ $142 Kh5 35. Qc5+ Kh6 36. Qe3+ Kg7 37. Qe7+ Kh6 38. c5 Qb3+ 39. e3) 34... Kg7 35. Qd4+ Kh6 36. Qe3+ Kg7 37. Bd5 Qb2 38. Qe7+ Kh6 39. Qh4+ $2 (39. h4 Qb8 40. c5) 39... Kg7 40. Qe7+ $2 (40. Qd8 Qf6+ 41. Qxf6+ Kxf6 42. Kf4) 40... Kh6 41. Bg8 (41. h4 $142 {Strongly threatening e3.} Qb8 42. c5) 41... Qh8 42. Bd5 $2 (42. Be6 $18 {And now Qh4+ would win.} Qe5 43. h4) 42... Qc8 $2 {[%mdl 8192]} (42... Qb2 $11 43. h4 Qb8) 43. Be6 Qa8+ 44. e4 Re1 $2 (44... Qa1 45. Qf8+ Qg7 46. Qf4+ g5) 45. Bd5 Qc8 46. c5 Qh3 47. Be6 Qh5+ 48. Bg4 {Accuracy: White = 67%, Black = 37%.} 1-0

[Event "17th Aeroflot Open-A 2019"]
[Site "Moscow"]
[Date "2019.02.26"]
[Round "8.37"]
[White "Murzin, Volodar"]
[Black "Tsydypov, Zhamsaran"]
[Result "0-1"]
[WhiteElo "2337"]
[BlackElo "2547"]
[Annotator "TA"]
[PlyCount "64"]
[EventDate "2019.02.19"]
[EventCountry "RUS"]
[SourceTitle "playchess.com"]
[Source "ChessBase"]
[SourceQuality "1"]

{[%evp 9,64,28,18,20,12,23,26,12,23,8,21,9,24,-11,24,8,18,-25,-14,-4,-35,-30,-3,-22,-19,-24,0,0,-7,-64,-79,-104,-75,-155,-131,-294,-300,-433,-244,-250,-97,-133,-135,-316,-266,-337,-344,-373,-196,-766,-731,-865,-829,-1438,-1414,-3005,-3004]} 1. e4 c5 2. Nf3 d6 3. Bb5+ Nd7 4. O-O a6 5. Bd3 (5. Bxd7+ Bxd7 6. d4 cxd4 7. Qxd4 e5 8. Qd3 h6 9. a4 Nf6 10. a5 Be7 11. c4 b5 12. axb6 Qxb6 13. Nc3 O-O 14. Be3 Qb7 15. h3 Rfc8 16. Nd2 Be6 17. Rfb1 a5 18. b3 Ra6 19. Ra2 Bd7 20. Rba1 {½-½ (20) Wang,H (2730)-Nepomniachtchi,I (2763) St Petersburg 2018}) 5... Ngf6 6. c3 {B51: Sicilian: Moscow Variation (3 Bb5+) without 3...Bd7} b5 7. Bc2 Bb7 8. Qe2 {White has an edge.} g6 9. d4 Bg7 10. Re1 O-O 11. Nbd2 e5 12. d5 Nb6 $146 ({Predecessor:} 12... Qc7 13. Nf1 h6 14. Ng3 c4 15. h3 {½-½ (27) Leskur,D (2378)-Raja,R (2421) Novi Sad 2018}) 13. b3 Nbxd5 14. exd5 Nxd5 15. Bb2 Nf4 16. Qd1 f5 17. c4 g5 {White must now prevent ...g4.} 18. g3 Nh3+ 19. Kf1 g4 20. Ng1 {And now Nxh3 would win.} Ng5 21. Qe2 {[#]} (21. cxb5 $142 axb5 22. a4) 21... Qd7 $1 $17 22. h4 $2 (22. Rad1 $17) 22... gxh3 $19 {[%csl Gh3][%cal Rb7g2]} 23. f3 (23. Qh5 {keeps fighting.} Bg2+ 24. Ke2) 23... Qf7 (23... e4 $142 24. Bxg7 Qxg7) 24. Qh2 {[#]} Qh5 $2 (24... e4 $1 $19 25. Bxg7 Qxg7) 25. Bd1 Qh6 {[%mdl 1024] Black has strong compensation.} 26. Be2 $2 (26. Rc1 $17) 26... b4 27. Rad1 Rae8 28. Bc1 Qh5 (28... Re6 $142 29. Bb2 Ree8) 29. Nb1 $2 (29. Bb2 f4 30. g4) 29... f4 {Black is clearly winning.} 30. g4 Qh4 31. Nxh3 e4 32. fxe4 Bxe4 {Accuracy: White = 28%, Black = 55%.} 0-1

[Event "17th Aeroflot Open-A 2019"]
[Site "Moscow"]
[Date "2019.02.26"]
[Round "8.38"]
[White "Ghaem Maghami, Ehsan"]
[Black "Harika, Dronavalli"]
[Result "1/2-1/2"]
[WhiteElo "2540"]
[BlackElo "2471"]
[Annotator "ChessBase"]
[PlyCount "33"]
[EventDate "2019.02.19"]
[EventCountry "RUS"]
[SourceTitle "playchess.com"]
[Source "ChessBase"]
[SourceQuality "1"]
[TimeControl "40/5400+30:1800+30"]

1. c4 e6 {[%emt 0:00:00]} 2. Nf3 {[%emt 0:06:23]} d5 {[%emt 0:00:23]} 3. d4 {[%emt 0:01:12]} Nf6 {[%emt 0:00:13]} 4. g3 {[%emt 0:01:21]} dxc4 {[%emt 0:00:47]} 5. Bg2 {[%emt 0:01:49]} Bb4+ {[%emt 0:00:26]} 6. Bd2 {[%emt 0:00:12]} a5 {[%emt 0:00:16]} 7. Qc2 {[%emt 0:00:13]} Bxd2+ {[%emt 0:00:19]} 8. Qxd2 {[%emt 0:00:25]} c6 {[%emt 0:00:38]} 9. a4 {[%emt 0:00:59]} Ne4 {[%emt 0:00:16]} 10. Qf4 {[%emt 0:18:49]} Qb6 {[%emt 0:01:20]} 11. Ne5 {[%emt 0:18:06]} f6 {[%emt 0:14:07]} 12. Nxc4 {[%emt 0:24:50]} Qb4+ {[%emt 0:00:27]} 13. Nbd2 {[%emt 0:02:42]} Nxd2 {[%emt 0:00:15]} 14. Nxd2 {[%emt 0:00:07]} Nd7 {[%emt 0:03:55]} 15. Qe3 {[%emt 0:01:05]} Nb6 {[%emt 0:03:30]} 16. Qc3 {[%emt 0:03:44]} Nd5 {[%emt 0:04:10]} 17. Qxb4 {[%emt 0:06:41]} 1/2-1/2

[Event "17th Aeroflot Open-A 2019"]
[Site "Moscow"]
[Date "2019.02.26"]
[Round "8.39"]
[White "Prithu Gupta"]
[Black "Debashis, Das"]
[Result "1/2-1/2"]
[WhiteElo "2470"]
[BlackElo "2532"]
[Annotator "ChessBase"]
[PlyCount "29"]
[EventDate "2019.02.19"]
[EventCountry "RUS"]
[SourceTitle "playchess.com"]
[Source "ChessBase"]
[SourceQuality "1"]
[TimeControl "40/5400+30:1800+30"]

1. c4 {[%emt 0:00:00]} e6 {[%emt 0:00:00]} 2. Nc3 {[%emt 0:00:00]} d5 {[%emt 0:00:00]} 3. cxd5 {[%emt 0:00:12]} exd5 {[%emt 0:00:02]} 4. d4 {[%emt 0:00:05]} c6 {[%emt 0:00:28]} 5. Bf4 {[%emt 0:00:50]} Bd6 {[%emt 0:00:14]} 6. Bg3 {[%emt 0:01:43]} Ne7 {[%emt 0:00:25]} 7. e3 {[%emt 0:00:10]} O-O {[%emt 0:01:03]} 8. Bd3 {[%emt 0:00:06]} Bf5 {[%emt 0:00:37]} 9. Nge2 {[%emt 0:03:17]} Bxd3 {[%emt 0:01:09]} 10. Qxd3 {[%emt 0:00:17]} Na6 {[%emt 0:01:07]} 11. O-O {[%emt 0:05:12]} Nc7 {[%emt 0:01:15]} 12. Rab1 {[%emt 0:02:00]} a5 {[%emt 0:02:43]} 13. Na4 {[%emt 0:01:19]} Ne6 {[%emt 0:06:50]} 14. Rfc1 {[%emt 0:01:10]} Nc8 {[%emt 0:01:24]} 15. Qc2 {[%emt 0:13:30]} 1/2-1/2

[Event "17th Aeroflot Open-A 2019"]
[Site "Moscow"]
[Date "2019.02.26"]
[Round "8.40"]
[White "Pourramezanali, Amirreza"]
[Black "Raja Rithvik R"]
[Result "1/2-1/2"]
[WhiteElo "2529"]
[BlackElo "2443"]
[Annotator "TA"]
[PlyCount "125"]
[EventDate "2019.02.19"]
[EventCountry "RUS"]
[SourceTitle "playchess.com"]
[Source "ChessBase"]
[SourceQuality "1"]

{[%evp 9,125,18,17,15,12,16,22,24,17,21,33,16,11,8,18,10,18,12,7,11,22,16,37,20,30,15,16,0,17,11,32,28,26,36,29,31,46,0,0,0,0,0,0,0,0,0,-11,-31,-31,-35,-38,-193,-218,-405,-406,-406,-397,-443,-427,-397,-324,-473,-208,-423,-412,-415,-423,-425,-405,-403,-410,-387,-189,-202,-65,-225,-43,-72,-72,-76,-7,-31,0,0,0,0,0,0,0,0,0,0,14,14,14,14,14,14,14,14,14,14,14,14,14,10,10,10,10,8,10,10,10,10,10,10,10,10]} 1. Nf3 d5 2. g3 Bg4 3. Bg2 c6 4. h3 Bh5 5. O-O e6 6. d4 {A07: Réti Opening: New York and Capablanca Systems} Nf6 7. c4 Nbd7 8. cxd5 exd5 9. Nh4 Bg6 10. Nc3 Be7 11. Nxg6 hxg6 12. Qc2 $146 O-O 13. Rb1 Nb6 14. b4 a6 15. a4 Rc8 16. Rd1 Re8 17. a5 Nc4 18. Na4 Nd6 19. Nc5 Qc7 20. Bf4 Rcd8 21. Bf3 Qc8 22. Kg2 Nfe4 23. Be5 ({Don't play} 23. Nxe4 dxe4 24. Bxe4 Nxe4 $15) 23... Ng5 24. Bg4 f5 25. h4 Ngf7 26. Bh3 Nxe5 27. dxe5 Nc4 $36 {[%mdl 2048] White should prevent ...Bxc5. Black fights for an advantage.} 28. Nd3 Na3 {[%mdl 64] Double Attack} 29. Qb2 Nxb1 30. Nf4 $2 (30. Qxb1 $15 Qe6 31. f4) 30... g5 $19 31. Qxb1 $2 (31. hxg5 {only move.} Bxg5 32. Rxb1) 31... g4 ({But not} 31... gxf4 $2 32. Bxf5 Qxf5 33. Qxf5 $18) 32. Bxg4 fxg4 33. Qg6 Bf8 34. e6 {intending Qf7+.} Re7 35. e4 (35. Rd3 {was the only chance.} Qb8 36. Qxg4) 35... d4 (35... dxe4 $142 36. Rxd8 Qxd8 37. Qxe4 Rc7) 36. h5 $2 (36. Qxg4 {was forced.} c5 37. bxc5) 36... Rde8 37. Qxg4 Rxe6 38. Nxe6 Qxe6 39. Qxe6+ Rxe6 40. Rxd4 {[%mdl 4096] Endgame KRB-KR} Re5 (40... Rd6 $142 41. Rc4 Rd2) 41. f4 Rb5 ({Black should play} 41... Rxh5 $19 42. e5 g6) 42. e5 $2 {[#]} ({Better is} 42. Rd8 $15) 42... Bxb4 $2 (42... Rd5 $1 $19 {[%cal Rd5d4]} 43. Re4 Rd2+ 44. Kf3 Rd3+ 45. Kg4 Kf7) 43. Rd8+ $1 $15 Kf7 44. Rd7+ {[#]} Kf8 (44... Be7 $1 $17 {Threatens to win with ...Ke8.} 45. g4 Ke6) 45. g4 $1 $11 c5 46. e6 {The position is equal.} c4 47. Rf7+ Kg8 {Hoping for ...c3.} 48. Rc7 Bd6 49. Rc8+ Kh7 {Strongly threatening ...Rc5.} 50. g5 $1 {[%cal Rg5g6] g6+ would kill now.} Bxf4 51. e7 Rxg5+ 52. Kf3 Re5 53. e8=Q Rxe8 54. Rxe8 {KR-KB} Bc7 55. Rc8 Bxa5 56. Rxc4 {aiming for Rd4.} Be1 57. Rc1 Bb4 58. Ke4 a5 59. Kd5 b6 60. Rc6 Bc5 61. Kc4 Be3 62. Kb5 Bd4 63. Rg6 {Accuracy: White = 65%, Black = 51%.} 1/2-1/2

[Event "17th Aeroflot Open-A 2019"]
[Site "Moscow"]
[Date "2019.02.27"]
[Round "9.1"]
[White "Sasikiran, Krishnan"]
[Black "Wang, Hao"]
[Result "1/2-1/2"]
[WhiteElo "2678"]
[BlackElo "2714"]
[Annotator "TA"]
[PlyCount "53"]
[EventDate "2019.02.19"]
[EventCountry "RUS"]
[SourceTitle "playchess.com"]
[Source "ChessBase"]
[SourceQuality "1"]

{[%evp 18,53,24,20,22,14,15,17,17,14,23,22,10,12,21,20,27,33,22,20,21,18,13,0,0,0,0,0,12,13,10,0,7,0,0,0,0,-6]} 1. e4 e5 2. Nf3 Nc6 3. Bb5 Nf6 4. O-O Nxe4 5. Re1 Nd6 6. Nxe5 Be7 7. Bf1 Nxe5 8. Rxe5 O-O 9. d4 Bf6 10. Re1 Re8 {C67: Ruy Lopez: Berlin Defence: 4 0-0 Nxe4} 11. c3 (11. Rxe8+ Nxe8 12. c3 d5 13. Bf4 Nd6 14. Nd2 c6 15. Qf3 Be6 16. Re1 Qd7 17. h3 Re8 18. Bd3 {1-0 (26) Saric,I (2690)-Caruana,F (2828) chess.com INT 2019}) 11... Rxe1 12. Qxe1 Ne8 13. Bf4 d5 14. Nd2 {[%cal Bb1d2,Bd2f3,Bf3e5][%mdl 32]} Nd6 15. Qe3 Nf5 $146 ({Predecessor:} 15... Be6 16. Nf3 Qd7 17. Ne5 Bxe5 18. Qxe5 {½-½ (26) Janisch,M (2399)-Fonteneau,B (2304) ICCF email 2016}) 16. Qe2 c6 17. Re1 {[#] White wants to mate with Qe8+.} Be6 18. Nf3 {The position is equal.} Nh4 19. Ne5 Ng6 20. Nd3 Nxf4 21. Nxf4 Bd7 22. Nh5 g6 23. Nxf6+ Qxf6 24. Qd1 Qd6 25. Qa4 a5 26. Qb3 b5 27. Qd1 {Accuracy: White = 49%, Black = 71%.} 1/2-1/2

[Event "17th Aeroflot Open-A 2019"]
[Site "Moscow"]
[Date "2019.02.27"]
[Round "9.2"]
[White "Petrosian, Tigran L."]
[Black "Martirosyan, Haik M."]
[Result "0-1"]
[WhiteElo "2595"]
[BlackElo "2616"]
[Annotator "ChessBase"]
[PlyCount "92"]
[EventDate "2019.02.19"]
[EventCountry "RUS"]
[SourceTitle "playchess.com"]
[Source "ChessBase"]
[SourceQuality "1"]
[TimeControl "40/5400+30:1800+30"]

1. e4 {[%emt 0:00:00]} e5 {[%emt 0:01:51]} 2. Nf3 {[%emt 0:00:00]} Nc6 {[%emt 0:00:09]} 3. Bc4 {[%emt 0:00:38]} Bc5 {[%emt 0:00:18]} 4. d3 {[%emt 0:03:39]} Nf6 {[%emt 0:00:50]} 5. Bg5 {[%emt 0:00:22]} h6 {[%emt 0:00:48]} 6. Bh4 {[%emt 0:00:07]} a6 {[%emt 0:01:14]} 7. a4 {[%emt 0:03:44]} d6 {[%emt 0:00:28]} 8. c3 {[%emt 0:00:29]} Ba7 {[%emt 0:00:34]} 9. O-O {[%emt 0:06:47]} Qe7 {[%emt 0:00:42]} 10. Nbd2 {[%emt 0:05:15]} g5 {[%emt 0:00:33]} 11. Bg3 {[%emt 0:04:05]} Nd7 {[%emt 0:00:15]} 12. Bd5 {[%emt 0:27:00]} h5 {[%emt 0:15:31]} 13. h4 {[%emt 0:01:45]} g4 {[%emt 0:01:00]} 14. Ne1 {[%emt 0:05:46]} Nf8 {[%emt 0:02:28]} 15. d4 {[%emt 0:01:57]} Ng6 {[%emt 0:07:22]} 16. Nc4 {[%emt 0:07:12]} exd4 {[%emt 0:21:20]} 17. Nd3 {[%emt 0:24:41]} Nce5 {[%emt 0:20:08]} 18. cxd4 {[%emt 0:02:00]} Nxc4 {[%emt 0:04:16]} 19. Bxc4 {[%emt 0:00:15]} Bxd4 {[%emt 0:02:59]} 20. Nf4 {[%emt 0:03:45]} c5 {[%emt 0:02:42]} 21. Nxg6 {[%emt 0:00:28]} fxg6 {[%emt 0:00:08]} 22. b4 {[%emt 0:00:33]} Be6 {[%emt 0:04:09]} 23. bxc5 {[%emt 0:00:29]} dxc5 {[%emt 0:00:37]} 24. Bxe6 {[%emt 0:00:32]} Qxe6 {[%emt 0:00:17]} 25. Rb1 {[%emt 0:00:05]} b6 {[%emt 0:05:46]} 26. Qb3 {[%emt 0:00:54]} c4 {[%emt 0:00:21]} 27. Qb4 {[%emt 0:00:29]} Bc5 {[%emt 0:00:43]} 28. Qc3 {[%emt 0:00:22]} O-O {[%emt 0:00:33]} 29. Rfc1 {[%emt 0:00:06]} Rad8 {[%emt 0:00:43]} 30. Rc2 {[%emt 0:01:04]} Rd4 {[%emt 0:02:26]} 31. Re1 {[%emt 0:00:25]} b5 {[%emt 0:01:05]} 32. axb5 {[%emt 0:00:04]} axb5 {[%emt 0:00:04]} 33. Qa5 {[%emt 0:00:06]} Qc6 {[%emt 0:01:41]} 34. Rb1 {[%emt 0:01:24]} b4 {[%emt 0:01:07]} 35. Rxb4 {[%emt 0:00:24]} Bxb4 {[%emt 0:00:59]} 36. Qxb4 {[%emt 0:00:02]} Qxe4 {[%emt 0:00:19]} 37. Ra2 {[%emt 0:01:05]} Qe6 {[%emt 0:01:28]} 38. Kh2 {[%emt 0:00:29]} Rd7 {[%emt 0:00:32]} 39. Rc2 {[%emt 0:00:31]} Rc8 {[%emt 0:00:18]} 40. Qc3 {[%emt 0:00:00]} Rd3 {[%emt 0:00:00]} 41. Qa5 {[%emt 0:09:45]} Rd1 {[%emt 0:08:58]} 42. Qg5 {[%emt 0:03:20]} c3 {[%emt 0:04:54]} 43. Qh6 {[%emt 0:02:32]} Qf5 {[%emt 0:02:43]} 44. Re2 {[%emt 0:00:55]} c2 {[%emt 0:01:12]} 45. Be5 {[%emt 0:03:31]} Rh1+ {[%emt 0:00:21]} 46. Kg3 {[%emt 0:00:04]} Rh3+ {[%emt 0:00:09]} 0-1